Protección diplomática, asistencia consular y derechos individuales (Registro nro. 22026)

Detalles MARC
000 -LEADER
fixed length control field 00384 a2200109 4500
001 - CONTROL NUMBER
control field ART_18768
005 - DATE AND TIME OF LATEST TRANSACTION
control field 20260410161817.0
008 - FIXED-LENGTH DATA ELEMENTS--GENERAL INFORMATION
fixed length control field 260409a
100 1# - MAIN ENTRY--PERSONAL NAME
Personal name Del Castillo, Lilian
245 10 - TITLE STATEMENT
Title Protección diplomática, asistencia consular y derechos individuales
773 0# - HOST ITEM ENTRY
Title Revista Juridica de Buenos Aires
Related parts Derecho internacional público (ene. 2012)
Record control number REV4315

No hay ítems disponibles.